Normal view
MARC view
Entry Personal Name
001 - CONTROL NUMBER
- control field: 14464
003 - CONTROL NUMBER IDENTIFIER
- control field: dpl
005 - DATE AND TIME OF LATEST TRANSACTION
- control field: 20100817160336.0
008 - FIXED-LENGTH DATA ELEMENTS
- fixed length control field: 100817|||a|||||| | ||| d
040 ## - CATALOGING SOURCE
- Original cataloging agency: dpl
- Transcribing agency: dpl
100 ## - HEADING--PERSONAL NAME
- Personal name: मिश्र, ब्रह्मदेव
670 ## - SOURCE DATA FOUND
- Source citation: Work cat.: (dpl)29229: धूमिल की श्रेष्ठ कविताएँ /, 2009
670 ## - SOURCE DATA FOUND
- Source citation: Work cat.: (dpl)29229: धूमिल की श्रेष्ठ कविताएँ /, 2009
